00872nam a2200265Ia 450000500170000000800410001702000190005810000300007724500410010725000390014830000270018749000460021465000420026065000430030265000380034565000330038394200150041626400260043133600270045733700330048433800280051704000350054508400110058099900150059120220317001224.0160825s2009 sp g 000 0 spa  a978842065610121 aSalinas, Pedrod1891-195110aAntología poéticacPedro Salinas a1a. edición b2a. reimpresión  a190 páginas c17 cm  aEl libro de bolsillopbiblioteca de autor142LEMBaPoesía española ySiglo XX142LEMBaLiteratura española ySiglo XX142LEMBaNostalgia en la literatura 142LEMB aAmor en la literatura 2loccBKLIT aMadridbAlianzac2009 atextobtxt2rdacontent asin mediaciónbn2rdamedia avolumenbnc2rdacarrier aCO-BoRNBPbspaerdacCO-BoRNBP aP SAL2 c6296d6296